000
00247nam a2200109Ia 4500
008
190216s9999||||xx |||||||||||||| ||und||
100
_a
Prabhakarn
245
0
_a
Krishi Sangigam
260
_b
Poorna Pubs Kozhikode
650
_a
Botany
942
_c
BK
999
_c
40422
_d
40422